书目信息 |
| 题名: |
亚里士多德
|
|
| 作者: | 张井梅 著 | |
| 分册: | ||
| 出版信息: | 西安 陕西师范大学出版总社 2017 |
|
| 页数: | 152页 | |
| 开本: | 24cm | |
| 丛书名: | “大家精要”丛书 | |
| 单 册: | ||
| 中图分类: | B502.233 | |
| 科图分类: | ||
| 主题词: | ||
| 电子资源: | ||
| ISBN: | 978-7-5613-7672-0 | |
| 000 | 00700oam2 2200241 450 | |
| 001 | 7199 | |
| 005 | 20180605103131.32 | |
| 010 | @a978-7-5613-7672-0@dCNY20.00 | |
| 100 | @a20170427d2017 em y0chiy50 ea | |
| 101 | 0 | @achi |
| 102 | @aCN@b610000 | |
| 105 | @ay z 000yb | |
| 200 | 1 | @a亚里士多德@9ya li shi duo de@dAristotle@f张井梅著@zeng |
| 210 | @a西安@c陕西师范大学出版总社@d2017 | |
| 215 | @a152页@d24cm | |
| 225 | 2 | @a“大家精要”丛书@h第一辑 |
| 461 | 0 | @12001 @a“大家精要”丛书 |
| 510 | 1 | @aAristotle@zeng |
| 600 | 1 | @a亚里士多德@f前384-前322@x传记 |
| 690 | @aB502.233@v5 | |
| 701 | 0 | @a张井梅@9zhang jing mei@4著 |
| 801 | 0 | @aCN@b91MARC@c20170427 |
| 905 | @aMuseLib@dB502.233@e124 | |
| 亚里士多德=Aristotle/张井梅著.-西安:陕西师范大学出版总社,2017 |
| 152页;24cm.-(“大家精要”丛书.第一辑) |
| ISBN 978-7-5613-7672-0:CNY20.00 |
| ● |
| 相关链接 |
|
|
|
|
正题名:亚里士多德
索取号:B502.233/124
 
预约/预借
| 序号 | 登录号 | 条形码 | 馆藏地/架位号 | 状态 | 备注 |
| 1 | 1116861 | 211168617 | 第一样本阅览室/ [索取号:B502.233/124] | 在馆 | |
| 2 | 1116862 | 211168626 | 教育系资料室/ [索取号:B502.233/124] | 在馆 | |
| 3 | 1116863 | 211168635 | 教育系资料室/ [索取号:B502.233/124] | 在馆 | |
| 4 | 1116864 | 211168644 | 第一借阅区/ [索取号:B502.233/124] | 在馆 |